Flags with Stars - Statistics

General Stats
  • This quiz has been taken 1,075 times
  • The average score is 38 of 70
Answer Stats
Answer % Correct
United States of America
95%
Australia
87%
China
86%
New Zealand
84%
Vietnam
78%
Turkey
77%
Brazil
71%
Algeria
70%
Tunisia
67%
Chile
66%
Pakistan
66%
Somalia
66%
Syria
66%
Cuba
65%
Morocco
64%
Uzbekistan
64%
Venezuela
64%
Ghana
63%
Singapore
62%
Malaysia
61%
Panama
61%
Tuvalu
61%
Israel
60%
North Korea
60%
Senegal
60%
Turkmenistan
60%
Cameroon
59%
Honduras
59%
Libya
59%
Myanmar
59%
Azerbaijan
58%
Liberia
58%
Micronesia
58%
Jordan
57%
Ethiopia
55%
Samoa
55%
Bosnia and Herzegovina
54%
Tajikistan
54%
Angola
53%
Togo
53%
Burkina Faso
52%
Comoros
52%
Mauritania
52%
Solomon Islands
52%
South Sudan
51%
Djibouti
50%
Guinea-Bissau
50%
Nauru
50%
Suriname
50%
Zimbabwe
50%
Cape Verde
48%
Nepal
48%
Dominica
46%
Papua New Guinea
46%
Burundi
45%
Kosovo
45%
Mozambique
43%
Timor-Leste
43%
Philippines
40%
Grenada
38%
Croatia
37%
Slovenia
37%
Equatorial Guinea
35%
Central African Republic
34%
Paraguay
34%
Portugal
30%
Moldova
28%
Sao Tome and Principe
26%
St Kitts and Nevis
20%
Democratic Republic of the Congo
17%
No matching quizzes found
Score Distribution
Percent of People with Each Score
Percentile by Number Answered
Your Score History
You have not taken this quiz